[Event "Vojvodina-chT"]
[Site "Kac"]
[Date "2016.11.20"]
[Round "8.2"]
[White "Milankov, Vladimir"]
[Black "Mastrapovic, Vladimir"]
[Result "0-1"]
[WhiteElo "1963"]
[BlackElo "2289"]
[PlyCount "56"]
[EventDate "2016.11.15"]
[EventType "team-tourn"]
[EventRounds "11"]
[EventCountry "SRB"]
[SourceTitle "CBM 175 Extra"]
[Source "ChessBase"]
[SourceDate "2016.12.12"]
[SourceVersion "1"]
[SourceVersionDate "2016.12.12"]
[SourceQuality "1"]
[WhiteTeam "Bilecanin"]
[BlackTeam "Banovci Dunav"]
[WhiteTeamCountry "SRB"]
[BlackTeamCountry "SRB"]

1. e4 c5 2. Nf3 Nc6 3. d4 cxd4 4. Nxd4 Nf6 5. Nc3 e5 6. Ndb5 d6 7. Be2 a6 8. Na3 b5 9. Ncb1 Nd4 10. c3 Nxe2 11. Qxe2 Bb7 12. f3 Be7 13. 0-0 0-0 14. Be3 d5 15. exd5 Nxd5 16. Bf2 Re8 17. g3 Qc7 18. Nc2 Qc6 19. Nd2 Qg6 20. Ne1 Nf4 21. Qxe5 Nh3+ 22. Kg2 Ba3 23. Qc7 Re7 24. Qb6 Nf4+ 25. Kh1 Bxb2 26. Qc5 Nd5 27. Rd1 Rd8 28. Qa7 Ne3 0-1

[Event "Vojvodina-chT"]
[Site "Kac"]
[Date "2016.11.19"]
[Round "6.2"]
[White "Milankov, Vladimir"]
[Black "Veljkovic, Vojislav"]
[Result "0-1"]
[WhiteElo "1963"]
[BlackElo "2180"]
[PlyCount "58"]
[EventDate "2016.11.15"]
[EventType "team-tourn"]
[EventRounds "11"]
[EventCountry "SRB"]
[SourceTitle "CBM 175 Extra"]
[Source "ChessBase"]
[SourceDate "2016.12.12"]
[SourceVersion "1"]
[SourceVersionDate "2016.12.12"]
[SourceQuality "1"]
[WhiteTeam "Bilecanin"]
[BlackTeam "Vojvodina"]
[WhiteTeamCountry "SRB"]
[BlackTeamCountry "SRB"]

1. e4 e6 2. d4 d5 3. exd5 exd5 4. Bd3 Nf6 5. Ne2 Bg4 6. f3 Bh5 7. 0-0 Bd6 8. Bf4 0-0 9. c3 Re8 10. Re1 Rxe2 11. Rxe2 Bxf4 12. Nd2 Nbd7 13. Nf1 c5 14. dxc5 Nxc5 15. Bc2 Qb6 16. Kh1 Rd8 17. Qd4 Bc7 18. Rae1 Ne6 19. Qa4 Bg6 20. b4 d4 21. cxd4 Rxd4 22. a3 a6 23. g3 Qd6 24. Kg2 a5 25. Ne3 axb4 26. axb4 Rxb4 27. Qa8+ Qd8 28. Qa3 Rd4 29. Qc3 Ba5 0-1

[Event "Vojvodina-chT"]
[Site "Kac"]
[Date "2016.11.16"]
[Round "2.1"]
[White "Milankov, Vladimir"]
[Black "Pezelj, Novak"]
[Result "0-1"]
[WhiteElo "1963"]
[BlackElo "2447"]
[PlyCount "60"]
[EventDate "2016.11.15"]
[EventType "team-tourn"]
[EventRounds "11"]
[EventCountry "SRB"]
[SourceTitle "CBM 175 Extra"]
[Source "ChessBase"]
[SourceDate "2016.12.12"]
[SourceVersion "1"]
[SourceVersionDate "2016.12.12"]
[SourceQuality "1"]
[WhiteTeam "Bilecanin"]
[BlackTeam "Backa Pacir"]
[WhiteTeamCountry "SRB"]
[BlackTeamCountry "SRB"]

1. e4 c5 2. Nf3 Nc6 3. d4 cxd4 4. Nxd4 Qc7 5. c3 Nf6 6. f3 e6 7. Be2 a6 8. b3 Bd6 9. g3 b5 10. Nxc6 dxc6 11. Be3 h5 12. Bf2 h4 13. Rg1 hxg3 14. hxg3 Rh3 15. Bf1 Rh2 16. Nd2 Rxf2 17. Kxf2 Bc5+ 18. Kg2 Bxg1 19. Kxg1 Qxg3+ 20. Bg2 Qe5 21. Rc1 Qc5+ 22. Kf1 Nh5 23. Qe1 Qg5 24. Qf2 Bb7 25. Rd1 0-0-0 26. Ke1 Rd3 27. Nb1 Re3+ 28. Kf1 Ng3+ 29. Kg1 Re2 30. Qd4 Rxg2+ 0-1